<?xml version="1.0" encoding="UTF-8"?>
<record
    xmlns:xsi="http://www.w3.org/2001/XMLSchema-instance"
    xsi:schemaLocation="http://www.loc.gov/MARC21/slim http://www.loc.gov/standards/marcxml/schema/MARC21slim.xsd"
    xmlns="http://www.loc.gov/MARC21/slim">

  <leader>01130nam a22002897a 4500</leader>
  <controlfield tag="005">20260704182635.0</controlfield>
  <controlfield tag="008">260627e2011    mx o|||gr|||| 001 0 spa d</controlfield>
  <datafield tag="020" ind1=" " ind2=" ">
    <subfield code="a">968-6510-29-4</subfield>
  </datafield>
  <datafield tag="040" ind1=" " ind2=" ">
    <subfield code="a">BPGM</subfield>
    <subfield code="b">SPA</subfield>
  </datafield>
  <datafield tag="041" ind1=" " ind2=" ">
    <subfield code="a">SPA</subfield>
    <subfield code="h">SPA</subfield>
  </datafield>
  <datafield tag="082" ind1="0" ind2="4">
    <subfield code="a">CQ / 972.45</subfield>
    <subfield code="b">A75</subfield>
  </datafield>
  <datafield tag="100" ind1=" " ind2=" ">
    <subfield code="a">ARMAS BRIZ, LUZ AMELIA  </subfield>
  </datafield>
  <datafield tag="240" ind1=" " ind2=" ">
    <subfield code="a">HISTORIA Y MONUMENTOS DEL ESTADO DE QUER&#xC9;TARO</subfield>
  </datafield>
  <datafield tag="245" ind1=" " ind2=" ">
    <subfield code="a">HISTORIA Y MONUMENTOS DEL ESTADO QUER&#xC9;TARO</subfield>
  </datafield>
  <datafield tag="260" ind1=" " ind2=" ">
    <subfield code="a">M&#xE9;xico</subfield>
    <subfield code="b">Gobierno del Estado de Quer&#xE9;taro , FONDO EDITORIAL DE QUER&#xC9;TARO</subfield>
    <subfield code="c">2011</subfield>
  </datafield>
  <datafield tag="300" ind1=" " ind2=" ">
    <subfield code="a">318 P&#xC1;GINAS</subfield>
    <subfield code="c">20.9 CM x 13.9 CM</subfield>
  </datafield>
  <datafield tag="336" ind1=" " ind2=" ">
    <subfield code="2">rdacontent</subfield>
    <subfield code="a">texto</subfield>
    <subfield code="b">txt</subfield>
  </datafield>
  <datafield tag="337" ind1=" " ind2=" ">
    <subfield code="2">rdamedia</subfield>
    <subfield code="a">sin mediaci&#xF3;n</subfield>
    <subfield code="b">n</subfield>
  </datafield>
  <datafield tag="338" ind1=" " ind2=" ">
    <subfield code="2">rdacarrier</subfield>
    <subfield code="a">volumen </subfield>
    <subfield code="b">nc</subfield>
  </datafield>
  <datafield tag="505" ind1=" " ind2=" ">
    <subfield code="a">Ofrece una revisi&#xF3;n hist&#xF3;rica del estado con el objetivo de contextualizar sus monumentos y patrimonio cultural, organizando la informaci&#xF3;n por regiones y cronolog&#xED;as.</subfield>
  </datafield>
  <datafield tag="650" ind1=" " ind2=" ">
    <subfield code="2">GEOGRAFIA E HISTORIA</subfield>
  </datafield>
  <datafield tag="650" ind1=" " ind2=" ">
    <subfield code="2">HISTORIA GENERAL DE AMERICA DEL NORTE</subfield>
  </datafield>
  <datafield tag="650" ind1=" " ind2=" ">
    <subfield code="2">MESOAMERICA,MEXICO</subfield>
  </datafield>
  <datafield tag="700" ind1=" " ind2=" ">
    <subfield code="a">SOL&#xCD;S HERN&#xC1;NDEZ, OLIVIA</subfield>
    <subfield code="e">CO AUTORA</subfield>
  </datafield>
  <datafield tag="700" ind1=" " ind2=" ">
    <subfield code="a">Z&#xC1;RATE MIGUEL, GUADALUPE</subfield>
    <subfield code="e">CO AUTORA</subfield>
  </datafield>
  <datafield tag="942" ind1=" " ind2=" ">
    <subfield code="2">ddc</subfield>
    <subfield code="c">COLQ</subfield>
  </datafield>
  <datafield tag="952" ind1=" " ind2=" ">
    <subfield code="0">0</subfield>
    <subfield code="1">0</subfield>
    <subfield code="2">ddc</subfield>
    <subfield code="4">0</subfield>
    <subfield code="7">2</subfield>
    <subfield code="8">ESPQ</subfield>
    <subfield code="a">BPCEFC</subfield>
    <subfield code="b">BPCEFC</subfield>
    <subfield code="c">ACCESO "B" PLANTA ALTA</subfield>
    <subfield code="d">2026-06-27</subfield>
    <subfield code="e">DONACION</subfield>
    <subfield code="l">0</subfield>
    <subfield code="o">CQ / 972.45 / A75</subfield>
    <subfield code="r">2026-06-27 18:08:43</subfield>
    <subfield code="t">EJ. 1</subfield>
    <subfield code="w">2026-06-27</subfield>
    <subfield code="y">COLQ</subfield>
  </datafield>
  <datafield tag="952" ind1=" " ind2=" ">
    <subfield code="0">0</subfield>
    <subfield code="1">0</subfield>
    <subfield code="2">ddc</subfield>
    <subfield code="4">0</subfield>
    <subfield code="7">2</subfield>
    <subfield code="8">ESPQ</subfield>
    <subfield code="a">BPCEFC</subfield>
    <subfield code="b">BPCEFC</subfield>
    <subfield code="c">ACCESO B PLANTA ALTA SALA QUER&#xC9;TARO</subfield>
    <subfield code="d">2018-07-15</subfield>
    <subfield code="e">DONACI&#xD3;N</subfield>
    <subfield code="l">0</subfield>
    <subfield code="o">CQ / 972.45 / A75</subfield>
    <subfield code="r">2026-06-27 19:07:48</subfield>
    <subfield code="t">EJ. 2</subfield>
    <subfield code="w">2026-06-27</subfield>
    <subfield code="y">COLQ</subfield>
  </datafield>
  <datafield tag="952" ind1=" " ind2=" ">
    <subfield code="0">0</subfield>
    <subfield code="1">0</subfield>
    <subfield code="2">ddc</subfield>
    <subfield code="4">0</subfield>
    <subfield code="7">2</subfield>
    <subfield code="8">ESPQ</subfield>
    <subfield code="a">BPCEFC</subfield>
    <subfield code="b">BPCEFC</subfield>
    <subfield code="c">ACCESO B PLANTA ALTA SALA QUER&#xC9;TARO</subfield>
    <subfield code="d">2018-07-15</subfield>
    <subfield code="e">DONACI&#xD3;N</subfield>
    <subfield code="l">0</subfield>
    <subfield code="o">CQ / 972.45 / A75</subfield>
    <subfield code="r">2026-06-27 19:10:00</subfield>
    <subfield code="t">EJ. 3</subfield>
    <subfield code="w">2026-06-27</subfield>
    <subfield code="y">COLQ</subfield>
  </datafield>
  <datafield tag="952" ind1=" " ind2=" ">
    <subfield code="0">0</subfield>
    <subfield code="1">0</subfield>
    <subfield code="2">ddc</subfield>
    <subfield code="4">0</subfield>
    <subfield code="7">2</subfield>
    <subfield code="8">ESPQ</subfield>
    <subfield code="a">BPCEFC</subfield>
    <subfield code="b">BPCEFC</subfield>
    <subfield code="c">ACCESO B PLANTA ALTA SALA QUER&#xC9;TARO</subfield>
    <subfield code="d">2018-07-15</subfield>
    <subfield code="e">DONACI&#xD3;N</subfield>
    <subfield code="l">0</subfield>
    <subfield code="o">CQ / 972.45 / A75</subfield>
    <subfield code="r">2026-06-27 19:11:25</subfield>
    <subfield code="t">EJ. 4</subfield>
    <subfield code="w">2026-06-27</subfield>
    <subfield code="y">COLQ</subfield>
  </datafield>
  <datafield tag="999" ind1=" " ind2=" ">
    <subfield code="c">68685</subfield>
    <subfield code="d">68685</subfield>
  </datafield>
</record>
